000 00957nam a22002057a 4500
005 20260610132037.0
010 _aB-780995-1017 BACEN26
020 _a9789370608900
_c500.00
035 _aB-780995-1017
037 _bEdufirst books publi. & distr.
082 _a530.012
100 _aPriyadarshi , Rohit
245 _aMomentum General Science/
_cby Rohit Priyadarshi
260 _aNew Delhi
_bWiley India Pvt. Ltd
_c2025
270 _bNew Delhi
_a4436/7, Ansari Road, Daryaganj
_e110002
300 _a469p.
_c25cm(pb)
500 _aFor UPSC Civil Services, BPSC, UPPSC, and Other Competitive Examinations
942 _2ddc
_cEN
_h530.012
_mPRI
999 _c215073
_d215073